| 000 | 00783cam a22001691 4500 | ||
|---|---|---|---|
| 082 |
_a621.56 _bVEN _cL-8, P-19 |
||
| 100 | 1 |
_aVenemann, Henry Gerald, _941861 |
|
| 245 | 1 | 0 |
_aRefrigeration theory and applications; _ba text book on fundamental principles involved in the process of refrigeration with applications to assist the student and engineer to design, maintain and operate plants, _cby H. G. Venemann ... |
| 250 | _a2d ed. | ||
| 260 |
_aChicago, _bNickerson & Collins Co. _c[1946] |
||
| 300 |
_a336 p. incl. illus., tables. _bdiagrs. (part fold.; incl. 12 in pocket) _c24 cm. |
||
| 526 |
_a0 _b0 _c0 _d621_560000000000000_VEN |
||
| 526 |
_a0 _b0 _c0 _d621_560000000000000_VEN |
||
| 650 | 0 |
_aMCE _9379 |
|
| 650 | 0 |
_aRefrigeration and refrigerating machinery. _919031 |
|
| 942 |
_2ddc _cBK |
||
| 999 |
_c545880 _d545880 |
||